000 00412nam a2200157Ia 4500
008 240729s9999 xx 000 0 und d
022 _a1687-8124
245 0 _aAdvances in Condensed Matter Physics
260 _aUnited Kingdom
260 _bHindawi Limited
650 _a Physics
650 _aScience
856 _uhttps://doaj.org/toc/dc71831a25644a5eae44b1305582c389
942 _2ddc
942 _cDOAJEJ
999 _c71574
_d71574
945 _a1
_bMadushi Gamage
_c1
_dMadushi Gamage